000
00332 a2200157 4500
001
192611
020
_a
0-521-75257-4
040
_c
Magnum
100
_a
Brown, Richard
240
1
0
_a
The moonlit owl
_l
ING
245
1
0
_a
The moonlit owl
300
_a
16
362
0
_a
2004
697
_a
LITERATURA INFANTIL INGLESA
942
_c
BK
999
_c
192611
_d
192611